Online
Catalog

El tiro de la artilleria de campana; / (Record no. 1410)

MARC details
000 -CABECERA
campo de control de longitud fija 00615nam a2200169u 4500
001 - NÚMERO DE CONTROL
campo de control 000001505
005 - FECHA Y HORA DE LA ÚLTIMA TRANSACCIÓN
campo de control 20200929145612.0
008 - DATOS DE LONGITUD FIJA--INFORMACIÓN GENERAL
campo de control de longitud fija 840830s1940 sp a 000 0 spa
040 ## - FUENTE DE LA CATALOGACIÓN
Centro catalogador/agencia de origen DO-SdBNP
Lengua de catalogación spa
Centro/agencia transcriptor BNPHU
100 2# - ENTRADA PRINCIPAL--NOMBRE DE PERSONA
Nombre de persona Puertas Gallardo, Fernando. [from old catalog]
9 (RLIN) 4973
245 13 - MENCIÓN DE TÍTULO
Título El tiro de la artilleria de campana; /
Mención de responsabilidad, etc. manual de campo del oficial de bateria.
250 ## - MENCIÓN DE EDICIÓN
Mención de edición 7. ed., rev. y corr.
260 ## - PUBLICACIÓN, DISTRIBUCIÓN, ETC.
Lugar de publicación, distribución, etc. Madrid, :
Nombre del editor, distribuidor, etc. E. Dossat,
Fecha de publicación, distribución, etc. 1940.
300 ## - DESCRIPCIÓN FÍSICA
Extensión 421 p. :
Otras características físicas illus. ;
Dimensiones 23 cm.
650 #0 - PUNTO DE ACCESO ADICIONAL DE MATERIA--TÉRMINO DE MATERIA
Término de materia o nombre geográfico como elemento de entrada Artillery drill and tactics. [from old catalog]
9 (RLIN) 4974
650 #0 - PUNTO DE ACCESO ADICIONAL DE MATERIA--TÉRMINO DE MATERIA
Término de materia o nombre geográfico como elemento de entrada Shooting, military. [from old catalog]
9 (RLIN) 4975
Holdings
Estado de retiro Estado de pérdida Restricciones de uso No para préstamo Código de colección Localización permanente Ubicación/localización actual Ubicación en estantería Fecha de adquisición Número de inventario Total de préstamos Signatura topográfica completa Código de barras Fecha visto por última vez Precio válido a partir de Tipo de ítem Koha
    Préstamo interno   Monografías: Libros y Folletos General General Depósito 22.09.2009 LF1   1505-10 25.06.2020 25.06.2020 Préstamo interno

Powered by Koha